Planificación a largo plazo y crecimiento de la empresa. La guía del ejecutivo para una planificación eficaz (Registro nro. 4967)

Detalles MARC
000 -LEADER
campo de control de longitud fija 01228nam a2200193Ia 4500
008 - DATOS DE LONGITUD FIJA--INFORMACIÓN GENERAL
campo de control de longitud fija 220107t1969||||xx |||||||||||||| ||und||
040 ## - FUENTE DE CATALOGACIÓN
Centro catalogador/agencia de origen BoOrUTOFe
Lengua de catalogación Es
Centro/agencia transcriptor UTO
044 ## - CÓDIGO DEL PAÍS DE LA ENTIDAD EDITORA/PRODUCTORA
Código MARC del país ES
082 ## - NÚMERO DE LA CLASIFICACIÓN DECIMAL DEWEY
Número de clasificación Eco 658
Número de ítem P32
100 ## - ENTRADA PRINCIPAL--NOMBRE DE PERSONA
Nombre de persona Payne, Bruce
245 #0 - MENCIÓN DEL TÍTULO
Título Planificación a largo plazo y crecimiento de la empresa. La guía del ejecutivo para una planificación eficaz
246 ## - FORMA VARIANTE DEL TITULO
Título propio/Titulo breve Long-term planning and growth of the company. The executive's guide to effective planning
260 ## - PUBLICACIÓN, DISTRIBUCIÓN, ETC.
Lugar de publicación, distribución, etc. Bilbao:
Nombre del editor, distribuidor, etc. Deusto,
Fecha de publicación, distribución, etc. 1969
300 ## - DESCRIPCIÓN FÍSICA
Extensión 242p.
Otras características físicas graf; tab.
Dimensiones 21 cm
505 ## - NOTA DE CONTENIDO CON FORMATO
Nota de contenido con formato La necesidad de una planificación a largo plazo, organización de la planificación a largo plazo, establecer objetivos a largo plazo, objetivos a corto plazo como parte de un plan a largo plazo, el plan de "marketing", planificación de nuevos productos, planificación de la investigación y desarrollo, planificación a largo plazo de la fabricación, organización del equipo directivo para la expansión de la empresa, planificación financiera, planificación internacional, cómo hacer que la planificación a largo plazo se convierta en una operación práctica
650 ## - PUNTO DE ACCESO ADICIONAL DE MATERIA--TÉRMINO DE MATERIA
Término de materia o nombre geográfico como elemento de entrada Planificación a largo plazo
655 ## - TERMINO DE INDIZACIÓN--GENERO/FORMA
Datos o término principal de género/forma Libros de Texto
942 ## - ELEMENTOS DE ENTRADA SECUNDARIOS (KOHA)
Tipo de ítem Koha Libros
-- FCEFA53
999 ## - NÚMEROS DE CONTROL DE SISTEMA (KOHA)
-- 1
Existencias
Estatus retirado Estado de pérdida Fuente del sistema de clasificación o colocación Estado de daño No para préstamo Biblioteca de origen Biblioteca actual Ubicación en estantería Fecha de adquisición Número de inventario Signatura topográfica completa Código de barras Visto por última vez Copia número Precio de reemplazo Tipo de ítem Koha
No dañado Disponible Clasificación Decimal Dewey No Dañado Disponible Biblioteca Central Biblioteca Central Fondo General 08/01/2022 3724 Eco 658/P32 3724 01/02/2024 Ej. 1 08/01/2022 Libros

Biblioteca Central
Dirección: Calle Cochabamba entre 6 de Octubre y Potosí s/n
Teléfono: (591-2)5281707 - 2-52-38450
Contacto: biblioteca.central@gmail.com